Your history is not our story : (Record no. 11042)

MARC details
000 -LEADER
fixed length control field 01510cam a2200397 i 4500
001 - CONTROL NUMBER
control field 21102117
003 - CONTROL NUMBER IDENTIFIER
control field GBCCL
005 - DATE AND TIME OF LATEST TRANSACTION
control field 20251117134138.0
008 - FIXED-LENGTH DATA ELEMENTS--GENERAL INFORMATION
fixed length control field 190716s2019 ii b 000 0 eng d
020 ## - INTERNATIONAL STANDARD BOOK NUMBER
International Standard Book Number 9789351483526
Qualifying information (hardback)
020 ## - INTERNATIONAL STANDARD BOOK NUMBER
International Standard Book Number 9351483525
020 ## - INTERNATIONAL STANDARD BOOK NUMBER
International Standard Book Number 9789351483533
Qualifying information (paperback)
020 ## - INTERNATIONAL STANDARD BOOK NUMBER
International Standard Book Number 9351483533
025 ## - OVERSEAS ACQUISITION NUMBER
Overseas acquisition number I-E-2019335757 ; 13-90 ; 61-90 ; 68-90
035 ## - SYSTEM CONTROL NUMBER
System control number 21102117
035 ## - SYSTEM CONTROL NUMBER
System control number (OCoLC)1108812674
037 ## - SOURCE OF ACQUISITION
Source of stock number/acquisition Library of Congress -- New Delhi Overseas Office
040 ## - CATALOGING SOURCE
Original cataloging agency DKAGE
Language of cataloging eng
Description conventions rda
Transcribing agency DKAGE
Modifying agency DLC
082 ## - DEWEY DECIMAL CLASSIFICATION NUMBER
Classification number 275.417
Item number WAL 1
100 0# - MAIN ENTRY--PERSONAL NAME
Personal name Walotemjen,
Dates associated with a name 1974-2018,
Relator term author.
245 10 - TITLE STATEMENT
Title Your history is not our story :
Remainder of title re-imaging colonial historiography of tribals and Christianity in North East India /
Statement of responsibility, etc. Walotemjen & Songram Basumatary.
264 #1 - PRODUCTION, PUBLICATION, DISTRIBUTION, MANUFACTURE, AND COPYRIGHT NOTICE
Place of production, publication, distribution, manufacture New Delhi :
Name of producer, publisher, distributor, manufacturer Christian World Imprints,
Date of production, publication, distribution, manufacture, or copyright notice 2019.
300 ## - PHYSICAL DESCRIPTION
Extent xii, 203 pages ;
Dimensions 24 cm.
336 ## - CONTENT TYPE
Content type term text
Content type code txt
Source rdacontent
337 ## - MEDIA TYPE
Media type term unmediated
Media type code n
Source rdamedia
338 ## - CARRIER TYPE
Carrier type term volume
Carrier type code nc
Source rdacarrier
490 0# - SERIES STATEMENT
Series statement Christian heritage rediscovered ;
Volume/sequential designation 79
504 ## - BIBLIOGRAPHY, ETC. NOTE
Bibliography, etc. note Includes bibliographical references.
650 #0 - SUBJECT ADDED ENTRY--TOPICAL TERM
Topical term or geographic name entry element Christianity
Geographic subdivision India, Northeastern.
650 #0 - SUBJECT ADDED ENTRY--TOPICAL TERM
Topical term or geographic name entry element Tribes
Geographic subdivision India, Northeastern
General subdivision Social life and customs.
651 #0 - SUBJECT ADDED ENTRY--GEOGRAPHIC NAME
Geographic name India, Northeastern
General subdivision Scheduled tribes.
700 1# - ADDED ENTRY--PERSONAL NAME
Personal name Basumatary, Songram,
Relator term author.
906 ## - LOCAL DATA ELEMENT F, LDF (RLIN)
a 7
b cbc
c copycat
d 3
e ncip
f 20
g y-gencatlg
942 ## - ADDED ENTRY ELEMENTS (KOHA)
Source of classification or shelving scheme Dewey Decimal Classification
Koha item type Books
Suppress in OPAC No
Holdings
Withdrawn status Lost status Source of classification or shelving scheme Damaged status Not for loan Home library Current Library Shelving location Date acquired Total checkouts Full call number Barcode Date last seen Copy number Price effective from Koha item type Date last checked out
    Dewey Decimal Classification     GRACE BIBLE COLLEGE GRACE BIBLE COLLEGE North East Collection 2025-11-17   275.417 WAL 017367 2025-11-17 c.1 2025-11-17 Books  
    Dewey Decimal Classification     GRACE BIBLE COLLEGE GRACE BIBLE COLLEGE North East Collection 2025-11-17 1 275.417 WAL 017368 2025-12-10 c.2 2025-11-17 Books 2025-12-05
© Grace Bible College Library 2025